LEADER 01419nam 2200409 450 001 990000563190203316 035 $a0056319 035 $aUSA010056319 035 $a(ALEPH)000056319USA01 035 $a0056319 100 $a20010713d1982----km-y0itay0103----ba 101 $aita 102 $aIT 105 $a||||||||001yy 200 1 $aRivoluzione microelettronica$erapporto al Club di Roma$fa cura di Günter Friedrichs, Adam Schaff$gintroduzione di Alexander King 210 $aMilano$cEd. Scientifiche e Tecniche Mondadori$d1982 215 $a335 p.$cill.; graf.$d21 cm 225 2 $aBiblioteca della EST 300 $aPrima del tit.: Per il meglio e per il peggio 312 $aMicroelettronics and society. For better and worse 410 $12001$aBiblioteca della EST 454 $12001$aMicroelettronics and society. For better and worse$957002 676 $a537.5 702 1$aFRIEDRICHS,$bGünter 702 1$aSCHAFF,$bAdam 702 1$aKING,$bAlexander 801 0$aIT$bsalbc$gISBD 912 $a990000563190203316 951 $a500 BEST 7 A$b12604 SM$c500 BEST$d00107531 951 $a500 BEST 7 B$b20292 SM$c500 BEST$d001074532 959 $aBK 969 $aSCI 979 $aPATTY$b90$c20010713$lUSA01$h1042 979 $c20020403$lUSA01$h1705 979 $aPATRY$b90$c20040406$lUSA01$h1639 996 $aMicroelettronics and society. For better and worse$957002 997 $aUNISA LEADER 00893nam0-22003131i-450- 001 990001806330403321 005 20081103111920.0 035 $a000180633 035 $aFED01000180633 035 $a(Aleph)000180633FED01 035 $a000180633 100 $a20030910d1909----km-y0itay50------ba 101 0 $aita 102 $aIT 105 $ay-------001yy 200 1 $aPer la coltivazione del pioppo del Canada in Sicilia$fS. Sechi Brusco 210 $aCatania$c[s.n.]$d1909 215 $a13 p.$d24 cm 300 $aEstr. da: Nuova rassegna, 1909 610 0 $aPopulus 676 $a634.972 3 700 1$aSechi Brusco,$bSebastiano$0357262 801 0$aIT$bUNINA$gRICA$2UNIMARC 901 $aBK 912 $a990001806330403321 952 $a60 DONO COMES 9/6$b38277$fFAGBC 959 $aFAGBC 996 $aPer la coltivazione del pioppo del Canada in Sicilia$9410042 997 $aUNINA